People - Sudden Death #3 - Statistics

General Stats
  • This quiz has been taken 198 times
  • The average score is 6 of 15
Answers on the Grid
Answers color-coded by a green-red scale on the quiz's grid according to % correct below.
Anna Karenina
Bear Grylls
Bobby Drake
Bruce Wayne
Christopher Muse
Eva Bell
Fanum
Frodo Baggins
Grant Ward
Hank McCoy
Ian McKellen
Jake Paul
James Dashner
John Ronald Reuel Tolkien
Joseph Smith
Kraglin Obfonteri
Lee Pace
Lex Luthor
Luna Lovegood
Mark Zuckerberg
Michael Robert House
Nicholas Hoult
Peeta Mellark
PewDiePie
Piotr Rasputin
Raven Darkhölme
Ryan Reynolds
Sam Beres
Stephen Hawking
Wendell Vaughn
 
Answer Stats
Answer % Correct
Mark Zuckerberg
74%
Bear Grylls
71%
Ian McKellen
64%
Ryan Reynolds
61%
Jake Paul
60%
Stephen Hawking
60%
PewDiePie
55%
John Ronald Reuel Tolkien
45%
Joseph Smith
32%
Nicholas Hoult
25%
Lee Pace
16%
Fanum
12%
James Dashner
8%
Michael Robert House
4%
Sam Beres
4%
No matching quizzes found
Score Distribution
Percent of People with Each Score
Percentile by Number Answered
Your Score History
You have not taken this quiz